Psychological testing: Principles and app (Record no. 394782)

MARC details
000 -LEADER
fixed length control field 00488 a2200181 4500
005 - DATE & TIME
control field 20260202162030.0
008 - FIXED-LENGTH DATA ELEMENTS--GENERAL INFORMATION
fixed length control field 260202b |||||||| |||| 00| 0 eng d
020 ## - ISBN
International Standard Book Number 9789369673920
Price Rs. 4995.00
040 ## - CATALOGING SOURCE
Original cataloging agency VIVEKANANDA LIBRARY
082 ## - DDC NUMBER
Classification number 150.287
Book Number A15P
100 ## - MAIN ENTRY--PERSONAL NAME
Personal name Akansha Rani
245 ## - TITLE STATEMENT
Title Psychological testing: Principles and app
260 ## - PUBLICATION, DISTRIBUTION, ETC. (IMPRINT)
Name of publisher, distributor, etc Scientific Books International
Date of publication, distribution, etc 2026
Place of publication, distribution, etc New Delhi
300 ## - PHYSICAL DESCRIPTION
Pages 270
650 ## - Subject
Subject Psychology
650 ## - Subject
Subject Psychological Testing
942 ## - ADDED ENTRY ELEMENTS (KOHA)
Koha item type Books
Holdings
Withdrawn status Lost status Source of classification or shelving scheme Damaged status Not for loan Location (home branch) Sublocation or collection (holding branch) Shelving location Date acquired Koha issues (times borrowed) Koha full call number Accession No. Koha date last seen Koha item type
    Dewey Decimal Classification     VIVEKANANDA LIBRARY VIVEKANANDA LIBRARY Vivekananda Library 06/01/2026   150.287 A15P 444092 06/01/2026 Books
© Designed and Maintained by Vivekananda Library, MDU Rohtak